| 000 | 00956nam a22002297a 4500 | ||
|---|---|---|---|
| 003 | BUBTL | ||
| 008 | 211208b ||||| |||| 00| 0 eng d | ||
| 020 | _a9847026401746 | ||
| 082 | _a954.925/ H8809b/ 2012 | ||
| 100 | _aহুমায়ুন, রফিকুজ্জামান | ||
| 245 |
_aবঙ্গবন্ধুর জীবন ও কর্ম / _c রফিকুজ্জামান হুমায়ুন |
||
| 250 | _a1st Edn. | ||
| 260 |
_aঢাকা : _bজনতা প্রকাশ, _cc2012. |
||
| 300 |
_a207 p.: _bill.: _c21 Cm. |
||
| 500 | _aIncludes Bibliography | ||
| 505 | _aবঙ্গবন্ধুর জীবন ও কর্ম, রফিকুজ্জামান হুমায়ুন, বঙ্গবন্ধু | ||
| 650 | 0 |
_93573 _aবঙ্গবন্ধু |
|
| 650 | 0 |
_94372 _aBangabandhu |
|
| 856 |
_k0 _l0 _yDownload |
||
| 942 |
_2ddc _cBK |
||
| 999 |
_c6606 _d6606 |
||